[Event "IECG TE.2004.S.01603"]
[Site "IECG email"]
[Date "2005.11.27"]
[Round "?"]
[White "Kovacs, Arthur"]
[Black "Ponti Lopes, Aloisio"]
[Result "0-1"]
[WhiteElo "2148"]
[BlackElo "2024"]
[PlyCount "66"]
[EventDate "2005.11.27"]
[EventType "tourn (corr)"]
[EventRounds "12"]
[SourceTitle "Corr 2008"]
[Source "ChessBase"]
[SourceDate "2008.06.24"]
[SourceVersion "1"]
[SourceVersionDate "2008.06.24"]
[SourceQuality "1"]

1. e4 c6 2. d4 d5 3. e5 Bf5 4. Nf3 e6 5. Be2 Ne7 6. 0-0 h6 7. b3 c5 8. c4 dxc4 9. Bxc4 cxd4 10. Nxd4 Nbc6 11. Nxf5 Nxf5 12. Bb2 Bc5 13. Nd2 Bd4 14. Bxd4 Nfxd4 15. f4 Nf5 16. Rf2 Qd4 17. Rc1 0-0 18. Nf1 Qb6 19. Qe2 Rac8 20. Rd1 Rfd8 21. Rxd8+ Rxd8 22. Bd3 Nfd4 23. Qe4 Nb4 24. Bb1 Nd5 25. Kh1 Nc3 26. Qe1 Ndb5 27. Rd2 Nxb1 28. Rxd8+ Qxd8 29. Qxb1 Qd4 30. a4 Nc3 31. Qc1 Qf2 32. Ng3 Nd5 33. f5 Ne3 0-1

[Event "IECG TE.2004.S.01603"]
[Site "IECG email"]
[Date "2005.11.27"]
[Round "?"]
[White "Ponti Lopes, Aloisio"]
[Black "Speisser, Patrick"]
[Result "1-0"]
[WhiteElo "2024"]
[BlackElo "2084"]
[PlyCount "105"]
[EventDate "2005.11.27"]
[EventType "tourn (corr)"]
[EventRounds "12"]
[SourceTitle "Corr 2008"]
[Source "ChessBase"]
[SourceDate "2008.06.24"]
[SourceVersion "1"]
[SourceVersionDate "2008.06.24"]
[SourceQuality "1"]

1. e4 c6 2. d4 d5 3. e5 Bf5 4. Nf3 e6 5. Be2 Ne7 6. 0-0 Nd7 7. h3 Ng6 8. g4 Be4 9. Ng5 Be7 10. Nxe4 dxe4 11. Nc3 f5 12. Bc4 Ndf8 13. gxf5 exf5 14. f3 exf3 15. Rxf3 Qd7 16. Qd3 Nh4 17. Rg3 0-0-0 18. Ne2 g6 19. Qb3 h6 20. Bf4 Qc7 21. Rc3 g5 22. Bg3 Nfg6 23. Be6+ Kb8 24. d5 f4 25. Bxh4 gxh4 26. d6 Bxd6 27. exd6 Rxd6 28. Bg4 h5 29. Bf3 Ne5 30. Rf1 Qe7 31. Nxf4 Qg5+ 32. Bg2 Rf8 33. Ne2 Rxf1+ 34. Kxf1 Rf6+ 35. Bf3 Qf5 36. Ng1 Qf4 37. Re3 a6 38. Qc3 Rf5 39. b3 Ka8 40. Kg2 Qh6 41. Kh1 Qd6 42. Bg2 Ka7 43. Re4 Kb8 44. Rxh4 Rg5 45. Nf3 Nxf3 46. Qxf3 Qc5 47. Qf4+ Ka8 48. Qd4 Qa5 49. b4 Qc7 50. Qh8+ Ka7 51. Rxh5 Rg7 52. Qh6 Re7 53. Qd2 1-0

[Event "IECG TE.2004.P.01619 email"]
[Site "IECG email"]
[Date "2004.09.22"]
[Round "?"]
[White "Ponti Lopes, Aloisio"]
[Black "Soggiorno, Lucas"]
[Result "1-0"]
[WhiteElo "2024"]
[BlackElo "944"]
[PlyCount "93"]
[EventDate "2004.09.22"]
[EventType "tourn (corr)"]
[EventRounds "8"]
[SourceTitle "Corr 2008"]
[Source "ChessBase"]
[SourceDate "2008.06.24"]
[SourceVersion "1"]
[SourceVersionDate "2008.06.24"]
[SourceQuality "1"]

1. e4 c6 2. d4 d5 3. e5 Bf5 4. Nf3 e6 5. Be2 h6 6. 0-0 Ne7 7. c4 dxc4 8. Bxc4 Nd7 9. Nc3 Nd5 10. Nxd5 cxd5 11. Bd3 Bxd3 12. Qxd3 Be7 13. Bd2 Qb6 14. Rfc1 0-0 15. Rc2 Rfc8 16. Rac1 Rxc2 17. Qxc2 Rd8 18. h3 a5 19. a4 Kh8 20. Qc3 Bb4 21. Qc7 Bxd2 22. Nxd2 Kh7 23. Nb3 Qxc7 24. Rxc7 b6 25. f4 g5 26. fxg5 hxg5 27. Kf2 f6 28. exf6 Kg6 29. Nd2 Kxf6 30. Nf3 Ke7 31. Ne5 Kd6 32. Rxd7+ Rxd7 33. Nxd7 Kxd7 34. g3 Ke7 35. h4 Kf6 36. Kf3 gxh4 37. gxh4 Kf5 38. b3 e5 39. dxe5 Kxe5 40. Ke3 d4+ 41. Kd3 Kd5 42. h5 Ke5 43. h6 Kf6 44. Kxd4 Kg6 45. Kd5 Kxh6 46. Kc6 Kg5 47. Kxb6 1-0

[Event "IECG C1.1999.0.00228"]
[Site "IECG email"]
[Date "1999.08.10"]
[Round "?"]
[White "Ponti Lopes, Aloisio"]
[Black "Gilles, Robert P"]
[Result "1/2-1/2"]
[WhiteElo "1900"]
[BlackElo "1903"]
[PlyCount "48"]
[EventDate "1999.08.10"]
[EventType "tourn (corr)"]
[EventRounds "6"]
[SourceTitle "Corr 2008"]
[Source "ChessBase"]
[SourceDate "2008.06.24"]
[SourceVersion "1"]
[SourceVersionDate "2008.06.24"]
[SourceQuality "1"]

1. e4 e5 2. Nf3 Nc6 3. d4 exd4 4. Nxd4 Qf6 5. Nb3 Qg6 6. Qe2 Nf6 7. f3 Bb4+ 8. Bd2 Bxd2+ 9. Qxd2 0-0 10. Nc3 d5 11. Bd3 dxe4 12. Nxe4 Bf5 13. Nxf6+ Qxf6 14. Bxf5 Qxf5 15. 0-0 Rad8 16. Qc3 Rd5 17. Rae1 Rfd8 18. Re4 h6 19. Qe3 Kh7 20. Re1 a5 21. Qe2 Nd4 22. Nxd4 Rxd4 23. Rxd4 Rxd4 24. Qe5 Qxe5 1/2-1/2